| 000 | 00710nam a2200205 i 4500 | ||
|---|---|---|---|
| 001 | 75330 | ||
| 003 | ES-MaACL | ||
| 005 | 20230906172418.0 | ||
| 007 | t| | ||
| 008 | 040923s1941 ag ||||1| spa d | ||
| 100 | 1 |
_aGregorio García-Serrano, Eduardo de. _959905 |
|
| 245 | 1 | 3 |
_aEl tratamiento de la sífilis en sus distintos períodos y localizaciones / _cEduardo de Gregorio García-Serrano. |
| 260 |
_aBuenos Aires : _bSalvat, _c1941 ( _eBarcelona : _fImp. Hispano-Americana) |
||
| 300 |
_a215 p. ; _c24 cm. |
||
| 490 | 1 | _aManuales de medicina práctica | |
| 650 | 0 | 4 |
_aSífilis. _917092 |
| 830 | 0 |
_aManuales de medicina práctica _9181070 |
|
| 852 |
_aES-MaACL _jE-1125 _bR.18912 |
||
| 999 |
_c75330 _d75330 |
||